L'hypnose: les problèmes théoriques et pratiques la technique

Guardat en:
Dades bibliogràfiques
Autor principal: Chertok, L (Autor)
Format: Llibre
Idioma:francès
Publicat: París Masson 1963
Edició:3a. ed
Matèries:
Etiquetes: Afegir etiqueta
Sense etiquetes, Sigues el primer a etiquetar aquest registre!

MARC

LEADER 00000nam a2200000 a 4500
001 UCY6370
003 CL-VaPUC
008 950526e19630000FR |||||||||||||||||fre|d
082 0 4 |a 154.7  |b CHE  |2 21 
100 0 |a Chertok, L  |e author  |9 336274 
245 1 2 |a L'hypnose: les problèmes théoriques et pratiques la technique 
250 |a 3a. ed 
300 |a 223 p 
942 |c BK 
945 |d 19950526 00:00:00  |a mfernand 
260 |a París  |b Masson  |c 1963 
650 0 |a Hipnosis   |9 334258 
650 7 |a HIPNOTERAPIA  |2 CL-VaPUC  |9 336275 
650 0 |a Subconsciente   |9 334259 
650 7 |a CIENCIAS DEL COMPORTAMIENTO  |2 CL-VaPUC  |9 336276 
650 0 |a Ejercicios   |9 269807 
650 0 |a Psicoanálisis   |9 265702 
583 |a last modification  |c 19950526 00:00:00  |k Rodrigo Vera 
999 |c 233936  |d 233934 
952 |0 0  |1 0  |4 0  |6 154_700000000000000_CHE_1963  |7 0  |8 P  |9 239777  |a BIBEDU  |b BIBEDU  |c BIBEDU_PB  |d 2019-11-18  |i 1511246  |o 154.7 CHE 1963  |p 1511246  |r 2024-01-25  |w 2019-11-18  |y BK  |k EDU 
952 |0 0  |1 0  |4 0  |6 154_700000000000000_CHE_1963  |7 0  |8 P  |9 239778  |a BIBEDU  |b BIBEDU  |c BIBEDU_PB  |d 2019-11-18  |i 1511254  |o 154.7 CHE 1963  |p 1511254  |r 2024-01-25  |w 2019-11-18  |y BK  |k EDU